| 000 | 00486cam a22001217a 4500 | ||
|---|---|---|---|
| 008 | 180718b1990 xxu||||| |||| 00| 0 eng d | ||
| 082 | _aB703x5444 K147 1987 | ||
| 245 |
_aKarnataka urban development authorities act 1987 (Karnataka act no. 43 of 1987) _cby Department of Law And Parliamentry Affairs, Karnataka |
||
| 260 |
_aBangalore _b _c1990 |
||
| 300 | _a51p | ||
| 650 | _aCity Planning - India- karnataka - Legislation | ||
| 700 | _aKarnataka. Department of Law And Parliamentry Affairs | ||
| 999 |
_c415719 _d415719 |
||